| 000 | 00752nam a2200229 a 4500 | ||
|---|---|---|---|
| 001 | 18077 | ||
| 003 | CO-ViMGA | ||
| 008 | 141112s2004 ck r 000 u spa d | ||
| 020 | _a8474265061 | ||
| 040 |
_aCO-ViMGA _bspa _cCO-ViMGA |
||
| 082 | 0 | 4 | _a070.1 S396 |
| 100 | 1 |
_aBach Arus, Marta; Altes Rufias, Elvira _925689 |
|
| 245 | 1 | 0 | _aEl sexo de la noticia . Reflexiones sobre el genero en la información y recomendaciones de estilo |
| 260 |
_aBarcelona (España), _cIcaria, _c2000 |
||
| 300 | _a137.p. | ||
| 590 | _aForma de adquisición : Premio - Mincultura | ||
| 650 | 1 | 4 |
_aMUJERES COMO PERIODISTAS _925690 |
| 650 | 1 | 4 |
_aNOTICIAS _925691 |
| 650 | 1 | 4 |
_aREDACCION DE NOTICIAS _925692 |
| 650 | 1 | 4 |
_aSEXISMO EN EL PERIODISMO _925693 |
| 942 |
_2ddc _cBK |
||
| 999 |
_c27453 _d27453 |
||